Oxford advanced learner's dictionary of Current English (International Student's edition)

保存先:
書誌詳細
第一著者: Hornby, Albert Sydney
フォーマット: 図書
言語:Undetermined
出版事項: Oxford, N.Y. Oxford University Press 2010
主題:
タグ: タグ追加
タグなし, このレコードへの初めてのタグを付けませんか!
Thư viện lưu trữ: Trung tâm Học liệu Trường Đại học Cần Thơ
LEADER 00644nam a2200193Ia 4500
001 CTU_183331
008 210402s9999 xx 000 0 und d
020 |c 305000 
082 |a 423 
082 |b H814 
100 |a Hornby, Albert Sydney 
245 0 |a Oxford advanced learner's dictionary of Current English (International Student's edition) 
245 0 |c Chief editor: Albert Sydney Hornby ;Managing editor : Joanna Turnbull 
260 |a Oxford, N.Y. 
260 |b Oxford University Press 
260 |c 2010 
650 |a English language,English language 
910 |a Nguyên 
980 |a Trung tâm Học liệu Trường Đại học Cần Thơ